[Event "29th World Junior Girls"]
[Site "Chennai IND"]
[Date "2011.08.13"]
[Round "11.8"]
[White "Fataliyeva, Ulviyya Hasil qizi"]
[Black "Kulkarni, Bhakti"]
[Result "1/2-1/2"]
[WhiteTitle "WFM"]
[BlackTitle "CM"]
[WhiteElo "2107"]
[BlackElo "2317"]
[WhiteFideId "13403052"]
[BlackFideId "5019516"]
[EventDate "2011.08.02"]

1. e4 e5 2. Nf3 d6 3. d4 exd4 4. Nxd4 Nf6 5. Nc3 Be7 6. Bf4 O-O 7. Qd2 c6 8. Be2
Re8 9. O-O Bf8 10. Bf3 Nbd7 11. Bg3 a6 12. Rad1 Ne5 13. Be2 Qb6 14. Rfe1 Qxb2
15. f4 Ng6 16. Bc4 Qb6 17. e5 dxe5 18. fxe5 Ng4 19. h3 Nh6 20. Kh1 Bb4 21. a3
Bxa3 22. Ne4 Nf5 23. Nxf5 Bxf5 24. Rb1 Qa7 25. Ng5 Be6 26. Nxe6 fxe6 27. Qc3 Bc5
28. Qb3 Bf2 29. Bxf2 Qxf2 30. Rf1 Qc5 31. Bxe6+ Kh8 32. Bf7 Rxe5 33. Qxb7 Rf8
34. Bxg6 Rxf1+ 35. Rxf1 hxg6 36. Qb3 Kh7 37. Kh2 Re3 38. Qa4 Qe5+ 39. Kh1 g5 40.
Qxc6 a5 41. Qa4 Re4 42. Qa3 Re3 43. Qa4 Rg3 44. Qd7 Qe2 45. Qf5+ Kh6 46. Rf2
Qe1+ 47. Kh2 Rc3 48. h4 gxh4 49. Qf4+ Kh5 50. Qf5+ Kh6 51. Qf4+ Kh5 52. Qf5+ Kh6
53. Qf4+ 1/2-1/2

[Event "29th World Junior Girls"]
[Site "Chennai IND"]
[Date "2011.08.13"]
[Round "11.9"]
[White "Michelle Catherina, P"]
[Black "Nakhbayeva, Guliskhan"]
[Result "0-1"]
[BlackTitle "WIM"]
[WhiteElo "2052"]
[BlackElo "2222"]
[WhiteFideId "5005736"]
[BlackFideId "13704788"]
[EventDate "2011.08.02"]

1. e4 c6 2. d4 d5 3. exd5 cxd5 4. Bd3 Nc6 5. c3 Qc7 6. h3 g6 7. Ne2 Bg7 8. Bf4
Qb6 9. Na3 a6 10. O-O Qxb2 11. Qa4 Qb6 12. Nb5 Kf8 13. Nc7 Ra7 14. Nxd5 Qd8 15.
c4 Nf6 16. Nec3 Nxd5 17. Nxd5 Bxd4 18. Rad1 Kg7 19. Be4 Bd7 20. Bc7 Qe8 21. Qa3
e5 22. Rfe1 b5 23. Bb1 Qc8 24. Qd6 Re8 25. Qf6+ Kg8 26. Rxd4 exd4 27. Be5 Nxe5
28. Rxe5 Be6 29. Rh5 Bxd5 30. cxd5 Qc1+ 31. Kh2 gxh5 32. Qf5 Qh6 33. Bc2 Qg6 0-1

[Event "29th World Junior Girls"]
[Site "Chennai IND"]
[Date "2011.08.13"]
[Round "11.11"]
[White "Tokhirjanova, Hulkar"]
[Black "Vo, Thi Kim Phung"]
[Result "1/2-1/2"]
[BlackTitle "WIM"]
[WhiteElo "2119"]
[BlackElo "2141"]
[WhiteFideId "14202247"]
[BlackFideId "12401838"]
[EventDate "2011.08.02"]

1. e4 c5 2. Nf3 Nc6 3. d4 cxd4 4. Nxd4 Nf6 5. Nc3 d6 6. Bg5 e6 7. Qd2 a6 8.
O-O-O Bd7 9. f4 Be7 10. Nf3 h6 11. Bh4 Rc8 12. e5 dxe5 13. fxe5 Nd5 14. Bxe7
Qxe7 15. Ne4 O-O 16. c4 Nb8 17. Kb1 Nb6 18. Bd3 Bc6 19. Qe3 N6d7 20. g4 Nc5 21.
Nd6 Rc7 22. Bc2 Bxf3 23. Qxf3 Nc6 24. Rhe1 Nb4 25. Be4 Nxe4 26. Qxe4 Nc6 27. Rd3
Qg5 28. a3 Rb8 29. Ka2 Rd8 30. c5 a5 31. Rh3 Rf8 32. Rh5 Qg6 33. Qf3 Nd4 34. Qf4
Nc2 35. Re4 Rxc5 36. Qf3 f6 37. Rf4 Rd5 38. Ne4 Nd4 39. Qf2 Nc6 40. exf6 Rxh5
41. gxh5 Qxh5 42. fxg7 Rxf4 43. Qxf4 Qd5+ 44. b3 Kxg7 45. Qf6+ Kg8 46. Qg6+ Kf8
47. Qxh6+ Ke7 48. Qh4+ Kf8 49. Qh8+ Ke7 50. Qh4+ 1/2-1/2

[Event "29th World Junior Girls"]
[Site "Chennai IND"]
[Date "2011.08.13"]
[Round "11.13"]
[White "Chandika, Divyasree"]
[Black "Terao, Juliana Sayumi"]
[Result "1/2-1/2"]
[BlackTitle "WFM"]
[WhiteElo "2123"]
[BlackElo "2168"]
[WhiteFideId "5024552"]
[BlackFideId "2109220"]
[EventDate "2011.08.02"]

1. e4 e5 2. Nf3 Nf6 3. Nxe5 d6 4. Nf3 Nxe4 5. d4 d5 6. Bd3 Nc6 7. O-O Bg4 8. c4
Nf6 9. h3 Bxf3 10. Qxf3 Nxd4 11. Qe3+ Ne6 12. Bf5 Bc5 13. Qe2 O-O 14. Bxe6 fxe6
15. Qxe6+ Kh8 16. Nc3 Ne4 17. Nxe4 dxe4 18. Be3 Bxe3 19. fxe3 Qd3 20. Qe7 Qxe3+
21. Kh1 Rfe8 22. Qxc7 Rac8 23. Qxb7 Rxc4 24. Rae1 Qc5 25. Qf7 Qe3 26. Qb7 Qc5
27. Qf7 Qc8 28. Qxa7 h6 29. Qe3 Qa6 30. Rf2 Qxa2 31. b3 Rc2 32. Rxc2 Qxc2 33.
Re2 Qb1+ 34. Re1 Qc2 35. Re2 Qb1+ 36. Re1 1/2-1/2

[Event "29th World Junior Girls"]
[Site "Chennai IND"]
[Date "2011.08.13"]
[Round "11.14"]
[White "Pratyusha, Bodda"]
[Black "Saranya, J"]
[Result "1/2-1/2"]
[BlackTitle "WFM"]
[WhiteElo "2064"]
[BlackElo "2121"]
[WhiteFideId "5000629"]
[BlackFideId "5031931"]
[EventDate "2011.08.02"]

1. e4 c5 2. Nf3 d6 3. d4 cxd4 4. Nxd4 Nf6 5. f3 a6 6. c4 e6 7. Be3 Be7 8. Nc3
Qc7 9. Be2 Nbd7 10. Qd2 b6 11. O-O Bb7 12. Rfc1 Rc8 13. a4 O-O 14. a5 bxa5 15.
Nb3 Qb8 16. Nxa5 Ba8 17. Rcb1 d5 18. cxd5 exd5 19. Bxa6 Rcd8 20. exd5 Ne5 21.
Qf2 Nxd5 22. Bd4 Nb4 23. Ba7 Qd6 24. Nc4 Nxc4 25. Bxc4 Qe5 26. Be2 Bd6 27. g3
Nc2 28. Nb5 Bc6 29. Ra4 Bxb5 30. Rc4 Bd7 31. Rxc2 Rc8 32. Bd3 Rfe8 33. Rbc1 Qa5
34. Bd4 Qg5 35. Rxc8 Bxc8 36. Bc3 Rd8 37. Re1 Be6 38. b4 Qd5 39. f4 Qc4 40. Be4
Be7 41. Qe3 Rc8 42. f5 Qxc3 43. Qxc3 Rxc3 44. fxe6 Bxb4 45. exf7+ Kxf7 46. Rf1+
Ke7 47. Bxh7 Rc6 48. Kg2 Rf6 49. Rb1 Rb6 50. g4 Kf7 51. Bd3 Bc5 52. Rf1+ Rf6 53.
Rc1 Bd6 54. g5 Rf4 55. g6+ Kf6 56. h3 Rd4 57. Rf1+ Rf4 1/2-1/2

[Event "29th World Junior Girls"]
[Site "Chennai IND"]
[Date "2011.08.13"]
[Round "11.17"]
[White "Bharathi, R."]
[Black "Ivana Maria, Furtado"]
[Result "1-0"]
[WhiteTitle "WFM"]
[BlackTitle "WFM"]
[WhiteElo "2117"]
[BlackElo "2012"]
[WhiteFideId "5044634"]
[BlackFideId "5048400"]
[EventDate "2011.08.02"]

1. e4 e6 2. d4 d5 3. Nd2 Nf6 4. e5 Nfd7 5. Bd3 c5 6. c3 Nc6 7. Ne2 cxd4 8. cxd4
f6 9. exf6 Nxf6 10. Nf3 Bd6 11. O-O Qc7 12. Nc3 a6 13. Bg5 O-O 14. Rc1 Bd7 15.
Bh4 Nh5 16. Ng5 Nf6 17. Bg3 Bxg3 18. hxg3 h6 19. Nf3 Qd6 20. Re1 Be8 21. Qe2 Bh5
22. Qe3 Bxf3 23. gxf3 Rae8 24. Bg6 Re7 25. f4 Qb4 26. Red1 Qxb2 27. Rb1 Qa3 28.
Nxd5 Qxe3 29. Nxe7+ Nxe7 30. fxe3 Nxg6 31. Rxb7 Ne4 32. Kg2 Rc8 33. Kf3 Nf6 34.
Rb6 Kf7 35. Rxa6 Rc3 36. Rb1 Nd5 37. Rb3 Rc1 38. Ra7+ Nge7 39. e4 Nf6 40. Rbb7
Rc3+ 41. Ke2 Ng8 42. d5 exd5 43. exd5 Rc2+ 44. Ke3 Kf6 45. d6 Nf5+ 46. Kd3 Rc6
47. d7 Rd6+ 48. Kc3 Nge7 49. g4 Nd4 50. Ra8 Ndc6 51. a4 g6 52. Re8 Kf7 53. d8=Q
Rxd8 54. Rbxe7+ Nxe7 55. Rxd8 Nc6 56. Rd6 Nb8 57. a5 h5 58. gxh5 gxh5 59. a6
Nxa6 60. Rxa6 Kg7 61. Kd4 h4 62. Ke5 h3 63. Ra3 h2 64. Rh3 Kf8 65. Ke6 Ke8 66.
Rh8# 1-0

[Event "29th World Junior Girls"]
[Site "Chennai IND"]
[Date "2011.08.13"]
[Round "11.18"]
[White "Nandhidhaa, PV"]
[Black "Sathya, Priya S.V."]
[Result "1-0"]
[WhiteElo "2101"]
[BlackElo "1842"]
[WhiteFideId "5050847"]
[BlackFideId "5020905"]
[EventDate "2011.08.02"]

1. e4 c5 2. Nf3 e6 3. d4 cxd4 4. Nxd4 a6 5. Bd3 Nf6 6. O-O Qc7 7. Qe2 d6 8. c4
Be7 9. Nc3 O-O 10. f4 Nc6 11. Nxc6 Qxc6 12. e5 Nd7 13. Kh1 Rb8 14. Bd2 b6 15.
exd6 Bxd6 16. Ne4 Be7 17. Bc3 f6 18. Rae1 Rf7 19. Ng3 Nc5 20. Bc2 Na4 21. Bd4
Bc5 22. Qd3 g6 23. Ne4 Be7 24. b4 Bxb4 25. Nxf6+ Kf8 26. Bxa4 Qxa4 27. Be5 Bd7
28. Qh3 Bxe1 29. Nxh7+ Ke8 30. Bxb8 e5 31. Nf6+ Rxf6 32. Qh8+ Ke7 33. Rxe1 Qxc4
34. Bxe5 Re6 35. Rd1 Qa4 36. Rd4 Qxa2 37. Qg7+ 1-0

[Event "29th World Junior Girls"]
[Site "Chennai IND"]
[Date "2011.08.13"]
[Round "11.19"]
[White "Arunima, Kalra"]
[Black "Pon, NKrithika"]
[Result "0-1"]
[BlackTitle "WFM"]
[WhiteElo "1867"]
[BlackElo "2075"]
[WhiteFideId "5048958"]
[BlackFideId "5019354"]
[EventDate "2011.08.02"]

1. e4 e5 2. Nf3 Nc6 3. Bb5 a6 4. Ba4 Nf6 5. d3 b5 6. Bb3 Bc5 7. Nc3 d6 8. Nd5 h6
9. c3 O-O 10. h3 Rb8 11. O-O Na5 12. Bc2 Ba7 13. Be3 c5 14. b4 Nc6 15. a4 Nxd5
16. exd5 Ne7 17. Bb3 bxa4 18. Rxa4 Nf5 19. bxc5 Nxe3 20. fxe3 Bxc5 21. Re1 Ba7
22. Kh1 f5 23. Nd2 Qg5 24. Nc4 Qg3 25. Rb4 Rxb4 26. cxb4 f4 27. Qf3 0-1

[Event "29th World Junior Girls"]
[Site "Chennai IND"]
[Date "2011.08.13"]
[Round "11.21"]
[White "Deur Saric, Zrinka"]
[Black "Mahalakshmi, M"]
[Result "1/2-1/2"]
[BlackTitle "WFM"]
[WhiteElo "2116"]
[BlackElo "1901"]
[WhiteFideId "14512670"]
[BlackFideId "5001080"]
[EventDate "2011.08.02"]

1. e4 c6 2. d4 d5 3. Nc3 dxe4 4. Nxe4 Bf5 5. Ng3 Bg6 6. h4 h6 7. Nf3 Nd7 8. h5
Bh7 9. Bd3 Bxd3 10. Qxd3 e6 11. Bd2 Qc7 12. Ne4 Ngf6 13. O-O-O Nxe4 14. Qxe4 Nf6
15. Qe2 O-O-O 16. g3 Bd6 17. Rh4 Rhe8 18. Ne5 Bxe5 19. dxe5 Nd5 20. c4 Ne7 21.
Rf4 Rf8 22. Bc3 c5 23. Rxd8+ Kxd8 24. b4 g5 25. Rf6 Ng8 26. Rf3 Kc8 27. Qe4 Rd8
28. bxc5 Qxc5 29. Rxf7 Ne7 30. Qb1 Qxc4 31. Rxe7 Qxc3+ 32. Qc2 Qxc2+ 33. Kxc2
Rf8 34. Rxe6 Rxf2+ 35. Kb3 Re2 36. a4 Kd7 37. Rd6+ Kc7 38. Rxh6 Rxe5 39. Kc4 Re3
40. Rh7+ Kc6 41. Rh6+ 1/2-1/2

[Event "29th World Junior Girls"]
[Site "Chennai IND"]
[Date "2011.08.13"]
[Round "11.22"]
[White "Forestier, Carole"]
[Black "Madhurima, Shekhar"]
[Result "1-0"]
[WhiteElo "2101"]
[BlackElo "1854"]
[WhiteFideId "641405"]
[BlackFideId "5067910"]
[EventDate "2011.08.02"]

1. d4 d5 2. Nf3 Nf6 3. c4 e6 4. Nc3 Nbd7 5. Bg5 c6 6. e3 Qa5 7. Nd2 Bb4 8. Qc2
Ne4 9. Ndxe4 dxe4 10. Bf4 e5 11. Bg3 O-O 12. Be2 exd4 13. exd4 f5 14. Bf4 Nf6
15. O-O Qd8 16. Qb3 Be7 17. Rad1 Kh8 18. d5 cxd5 19. Nxd5 Nxd5 20. Rxd5 Qe8 21.
Rfd1 Be6 22. R5d2 b6 23. Qh3 Qf7 24. b3 Bb4 25. Rc2 Rad8 26. Rcc1 Qf6 27. Bh5 1-0

[Event "29th World Junior Girls"]
[Site "Chennai IND"]
[Date "2011.08.13"]
[Round "11.23"]
[White "Heredia Serrano, Carla"]
[Black "Salini, R"]
[Result "1-0"]
[WhiteTitle "WIM"]
[WhiteElo "2072"]
[BlackElo "1795"]
[WhiteFideId "3603687"]
[BlackFideId "5098483"]
[EventDate "2011.08.02"]

1. e4 g6 2. d4 Bg7 3. Nc3 e6 4. Nf3 Ne7 5. h4 h5 6. Bg5 d5 7. Qd2 c6 8. O-O-O
Qa5 9. Bxe7 dxe4 10. Ne5 Kxe7 11. Qg5+ Ke8 12. Nxf7 Qxg5+ 13. Nxg5 c5 14. Nb5
Na6 15. dxc5 Bh6 16. Nd6+ Ke7 17. Nxe4 Bxg5+ 18. hxg5 Nc7 19. Nf6 Ne8 20. Nxe8
Rxe8 21. Bd3 Rg8 22. Be4 Rb8 23. f4 Rg7 24. Rd4 Bd7 25. Rhd1 Be8 26. Rb4 Kf8 27.
Rd6 Re7 28. c6 b6 29. Rc4 Rc8 30. b4 Rcc7 31. b5 Kg7 32. a4 Kf8 33. Bd3 Bf7 34.
Re4 Re8 35. Bc4 Rce7 36. Re5 Kg7 37. Kd2 Kf8 38. Ke3 Kg7 39. Kd4 Kf8 40. Bb3 Kg7
41. g3 Kf8 42. c4 Kg7 43. c5 Kf8 44. a5 bxa5 45. b6 axb6 46. cxb6 a4 47. Ba2 a3
48. Kc5 Kg7 49. b7 Rb8 50. Kb6 Rf8 51. c7 Ree8 52. Rd7 Kg8 53. Re3 Kh8 54. Rxa3
Kg8 55. Rc3 1-0

[Event "29th World Junior Girls"]
[Site "Chennai IND"]
[Date "2011.08.13"]
[Round "11.24"]
[White "Sithalatchumi, A"]
[Black "Shweta, Gole"]
[Result "1-0"]
[WhiteElo "1939"]
[BlackElo "1922"]
[WhiteFideId "5036186"]
[BlackFideId "5068487"]
[EventDate "2011.08.02"]

1. d4 c5 2. d5 d6 3. c4 Nf6 4. Nc3 e6 5. e4 exd5 6. cxd5 g6 7. Bd3 Bg7 8. h3 O-O
9. Nf3 b5 10. Bxb5 Nxe4 11. Nxe4 Qa5+ 12. Nfd2 Qxb5 13. Nxd6 Qb6 14. N2c4 Qa6
15. O-O Nd7 16. Bf4 Nb6 17. Nxb6 Qxb6 18. Nxc8 Raxc8 19. Rb1 Bd4 20. Qf3 Qf6 21.
Qg4 Qd8 22. d6 h5 23. Qe2 Re8 24. Qb5 Be5 25. d7 Bxf4 26. dxe8=Q+ Qxe8 27. Qxe8+
Rxe8 28. Rfe1 Rc8 29. Re7 a6 30. g3 Bd6 31. Rd7 Rc6 32. Rd1 Be5 33. b3 Bd4 34.
Kg2 Rf6 35. Rd2 Re6 36. Rc2 Rb6 37. Re2 Kg7 38. f4 Rf6 39. b4 Rb6 40. a3 Rf6 41.
Rc2 Rc6 42. Rxd4 1-0

[Event "29th World Junior Girls"]
[Site "Chennai IND"]
[Date "2011.08.13"]
[Round "11.25"]
[White "Shristi, J. Shetty"]
[Black "Hannes, Diana"]
[Result "1/2-1/2"]
[BlackTitle "WFM"]
[WhiteElo "1927"]
[BlackElo "2188"]
[WhiteFideId "5030030"]
[BlackFideId "24611344"]
[EventDate "2011.08.02"]

1. e4 c5 2. Nf3 e6 3. d3 d5 4. Nbd2 Nc6 5. g3 Bd6 6. Bg2 Nge7 7. O-O O-O 8. Re1
Qc7 9. Qe2 f6 10. Nf1 Bd7 11. h4 Rae8 12. c3 d4 13. N1h2 e5 14. g4 Ng6 15. h5
Nf4 16. Bxf4 exf4 17. cxd4 cxd4 18. Rac1 Qa5 19. a3 b5 20. Nd2 Ne5 21. Bh3 Qb6
22. Kh1 Rc8 23. Rg1 b4 24. Nhf3 Rxc1 25. Rxc1 bxa3 26. bxa3 Qb2 27. Rb1 Qxa3 28.
Nxe5 Bxe5 29. Nc4 Qa6 30. Qd1 Be6 31. Ra1 Qb7 32. Qa4 Bb8 33. Na5 Qa6 34. Qc6
Qb6 35. Qxb6 axb6 36. Nc6 Bd7 37. Nxb8 Rxb8 38. Rb1 Rc8 39. Rxb6 Rc3 40. Rd6 Bb5
41. Rxd4 Rxd3 42. Rxd3 Bxd3 43. f3 Kf7 44. Kg1 Ke7 45. Kf2 Kd6 46. Bg2 Ke5 47.
Bh1 g6 48. hxg6 hxg6 49. Bg2 f5 50. exf5 gxf5 51. gxf5 Kxf5 52. Bh3+ Kg5 53. Bd7
Kf6 54. Ba4 Bc4 55. Bc6 Ke5 56. Be8 Bd5 57. Bg6 1/2-1/2

[Event "29th World Junior Girls"]
[Site "Chennai IND"]
[Date "2011.08.13"]
[Round "11.26"]
[White "Imeeva, Aisa"]
[Black "Shetye, Siddhali"]
[Result "1-0"]
[WhiteElo "2094"]
[BlackElo "1890"]
[WhiteFideId "24116157"]
[BlackFideId "5038294"]
[EventDate "2011.08.02"]

1. e4 e5 2. Nf3 Nc6 3. Nc3 Nf6 4. Bb5 Bd6 5. O-O O-O 6. d3 h6 7. Ne2 Re8 8. Ng3
a6 9. Ba4 Bf8 10. Re1 b5 11. Bb3 Na5 12. c3 Nxb3 13. axb3 d6 14. h3 g6 15. Nh2
Bg7 16. f4 exf4 17. Bxf4 Bb7 18. Qc1 Kh7 19. Qc2 c5 20. d4 cxd4 21. cxd4 Rc8 22.
Qd3 Qe7 23. d5 Nd7 24. Re2 Ne5 25. Qd2 Rc7 26. Rf1 Qh4 27. Ref2 Rf8 28. Re2 Bc8
29. Nf3 Nxf3+ 30. Rxf3 Qd8 31. e5 dxe5 32. Bxe5 Rd7 33. Bxg7 Kxg7 34. Rd3 Bb7
35. d6 Re8 36. Rxe8 Qxe8 37. Re3 Qd8 38. Qd4+ Kg8 39. Nf5 f6 40. Qg4 Kh7 41. Ne7
Qe8 42. Nd5 Qf7 43. Nxf6+ 1-0

[Event "29th World Junior Girls"]
[Site "Chennai IND"]
[Date "2011.08.13"]
[Round "11.27"]
[White "Gevorgyan, Maria"]
[Black "Savant, Riya"]
[Result "1-0"]
[BlackTitle "WCM"]
[WhiteElo "2068"]
[BlackElo "1743"]
[WhiteFideId "13300270"]
[BlackFideId "5067359"]
[EventDate "2011.08.02"]

1. e4 c5 2. Nc3 g6 3. d4 cxd4 4. Qxd4 Nf6 5. Bg5 Nc6 6. Qd2 Bg7 7. Nf3 O-O 8.
Bh6 Qa5 9. Bxg7 Kxg7 10. Be2 Qb4 11. a3 Qxb2 12. O-O Qb6 13. Nd5 Qc5 14. Nxf6
exf6 15. Rfb1 a6 16. Rb3 Re8 17. Re3 Re6 18. Rd1 b5 19. Ne1 Ne5 20. Rh3 g5 21.
Nd3 Nxd3 22. Qxd3 Re5 23. Qf3 d5 24. Rh6 Qe7 25. Qh5 Kf8 26. Rxh7 Ke8 27. Kf1
Bb7 28. Bg4 f5 29. Bxf5 Rxf5 30. exf5 Kd8 31. Rxf7 Qe8 32. Re1 Qg8 33. Rxb7 Rc8
34. Rh7 Rxc2 35. Rh8 Qxh8 36. Qxh8+ Kc7 37. f6 Rc6 38. f7 a5 39. f8=Q b4 40.
Qb8+ Kd7 41. Qhe8# 1-0

[Event "29th World Junior Girls"]
[Site "Chennai IND"]
[Date "2011.08.13"]
[Round "11.28"]
[White "A, Akshaya"]
[Black "Tejaswini, Sagar"]
[Result "1-0"]
[BlackTitle "WCM"]
[WhiteElo "1966"]
[BlackElo "1690"]
[WhiteFideId "5031605"]
[BlackFideId "5054290"]
[EventDate "2011.08.02"]

1. e4 e5 2. Nf3 Nc6 3. Bc4 Bc5 4. O-O Nf6 5. d3 d6 6. c3 h6 7. a4 a5 8. h3 g5 9.
d4 g4 10. dxc5 gxf3 11. Qxf3 dxc5 12. Be3 b6 13. Na3 Qe7 14. Nb5 Kd8 15. Rfd1+
Bd7 16. Rd2 Kc8 17. Bd5 Kb7 18. Rc1 Be6 19. b4 c4 20. bxa5 Rxa5 21. Rb1 Ra6 22.
a5 Rha8 23. axb6 cxb6 24. Bxe6 fxe6 25. Nd6+ Kc7 26. Nxc4 Ra1 27. Qd1 Rxb1 28.
Qxb1 Ra6 29. Bxb6+ Kc8 30. Nd6+ Kb8 31. Bc7+ Kxc7 32. Qb7+ Kd8 33. Qc8# 1-0

[Event "29th World Junior Girls"]
[Site "Chennai IND"]
[Date "2011.08.13"]
[Round "11.29"]
[White "Degrande, Marigje"]
[Black "Krumova, Ani"]
[Result "1/2-1/2"]
[WhiteElo "1890"]
[BlackElo "1961"]
[WhiteFideId "262757"]
[BlackFideId "2902699"]
[EventDate "2011.08.02"]

1. d4 b5 2. e4 Bb7 3. f3 a6 4. Bf4 e6 5. Bd3 c5 6. c3 Nf6 7. Ne2 Nc6 8. Be3 d6
9. O-O Be7 10. Bc2 Qc7 11. Qe1 cxd4 12. Nxd4 d5 13. Qf2 Bd6 14. Qh4 Ne5 15. Nd2
Ng6 16. Qh3 O-O 17. Rfe1 Bf4 18. Nf1 Bxe3+ 19. Rxe3 e5 20. Ne2 d4 21. Rd3 Bc8
22. Qg3 Be6 23. Rd2 dxc3 24. Nxc3 Rfd8 25. Rxd8+ Rxd8 26. Qf2 Nf4 27. a3 Bc4 28.
Ne3 Nd3 29. Bxd3 Rxd3 30. Rd1 Qd8 31. Rxd3 Qxd3 32. h3 h6 33. Nf5 Nh5 34. Kh2
Qf1 35. Qh4 Nf4 36. Qg3 Ng6 37. h4 Be6 38. h5 Bxf5 39. exf5 Nf4 40. f6 Nxh5 41.
Qxe5 Nxf6 42. Ne4 Nxe4 43. Qxe4 Qf2 44. b4 Qa7 45. Qe8+ Kh7 46. Qc8 Qb6 47. Qf5+
Qg6 48. Qc8 Qe6 49. Qc3 Kg6 50. Qc2+ Kf6 51. Qd3 g6 52. Kh1 Ke7 53. Qc3 h5 54.
Qc7+ Qd7 55. Qe5+ Qe6 56. Qc7+ Kf8 57. Qc3 f6 58. Qd2 Kg7 59. Qd3 h4 60. f4 Kf7
61. Qf3 Qe1+ 62. Kh2 Qg3+ 63. Qxg3 hxg3+ 64. Kxg3 Ke6 65. Kg4 f5+ 66. Kg5 Kf7
67. Kh6 Kf6 68. g3 Kf7 1/2-1/2

[Event "29th World Junior Girls"]
[Site "Chennai IND"]
[Date "2011.08.13"]
[Round "11.30"]
[White "Sahari, J."]
[Black "Bala Kannamma, P"]
[Result "1-0"]
[WhiteElo "1911"]
[BlackElo "1931"]
[WhiteFideId "5031591"]
[BlackFideId "5081432"]
[EventDate "2011.08.02"]

1. e4 c5 2. Nf3 a6 3. c3 d5 4. exd5 Qxd5 5. d4 Nf6 6. Be2 Nc6 7. Be3 cxd4 8.
cxd4 e6 9. Nc3 Qd6 10. O-O Be7 11. a3 O-O 12. Qd2 Nd5 13. Nxd5 Qxd5 14. Rac1 b5
15. Ng5 Bxg5 16. Bf3 Bxe3 17. fxe3 Qg5 18. Bxc6 Rb8 19. Rc5 Qe7 20. Rfc1 Bb7 21.
Bxb7 Qxb7 22. Rc7 Qe4 23. R1c3 g6 24. Qc2 Qa8 25. R3c6 a5 26. Qc5 Rb7 27. Rc8
Rb8 28. Qxf8# 1-0

[Event "29th World Junior Girls"]
[Site "Chennai IND"]
[Date "2011.08.13"]
[Round "11.31"]
[White "Edes, Zsofia"]
[Black "Anjana Krishna, S"]
[Result "1/2-1/2"]
[WhiteElo "2067"]
[BlackElo "1830"]
[WhiteFideId "14912368"]
[BlackFideId "5046424"]
[EventDate "2011.08.02"]

1. d4 d5 2. c4 e6 3. Nc3 Nf6 4. Bg5 Be7 5. e3 O-O 6. Nf3 h6 7. Bh4 b6 8. cxd5
Nxd5 9. Bxe7 Qxe7 10. e4 Nxc3 11. bxc3 Bb7 12. Bd3 c5 13. O-O Rd8 14. Qa4 cxd4
15. cxd4 Nc6 16. Rad1 Qb4 17. Bc2 Rd6 18. Rd2 Rc8 19. h3 Qxa4 20. Bxa4 Nxd4 21.
Rxd4 Rxd4 22. Nxd4 Rc4 23. Bc6 Bxc6 24. Nxc6 Rxc6 25. f3 Rc3 26. Rf2 Kf8 27. Rd2
Ke7 28. Kf2 Rc7 29. g4 e5 30. h4 Rd7 31. Rc2 Kd8 32. Ke2 Rc7 33. Rd2+ Kc8 34. h5
Rd7 35. Rc2+ Kb7 36. Ke3 f6 37. Rc3 Rd1 38. Ke2 Rd7 39. Ke3 a6 40. f4 1/2-1/2

[Event "29th World Junior Girls"]
[Site "Chennai IND"]
[Date "2011.08.13"]
[Round "11.33"]
[White "Brunello, Roberta"]
[Black "Narenthran, Savithri"]
[Result "1-0"]
[WhiteElo "2036"]
[BlackElo "1693"]
[WhiteFideId "822205"]
[BlackFideId "3213250"]
[EventDate "2011.08.02"]

1. e4 e5 2. Nf3 Nf6 3. Nxe5 d6 4. Nf3 Nxe4 5. Nc3 Nxc3 6. dxc3 Be7 7. Be3 Nd7 8.
Qd2 O-O 9. O-O-O Nc5 10. h4 a5 11. Bd3 Nxd3+ 12. Qxd3 Qd7 13. Nd4 Bf6 14. f3 Qa4
15. Kb1 Bxd4 16. cxd4 c6 17. g4 Be6 18. b3 Qa3 19. Qc3 Qb4 20. Kb2 Rfe8 21. Bf4
Bd5 22. Rhf1 Rad8 23. Qd3 Be6 24. h5 d5 25. g5 g6 26. Be5 Bf5 27. Qe3 b6 28. h6
a4 29. a3 Qb5 30. Rfe1 Re6 31. Qd2 axb3 32. cxb3 c5 33. Bf6 Rd7 34. Qf4 Rb7 35.
a4 Qc6 36. Rxe6 fxe6 37. Rc1 Kf7 38. Qe5 Ke8 39. Ka3 Kd7 40. dxc5 bxc5 41. Qc3
Qb6 42. Be5 Kc6 43. Bd4 Kd7 44. Bxc5 Qd8 45. Qg7+ Kc6 46. Be7+ 1-0

[Event "29th World Junior Girls"]
[Site "Chennai IND"]
[Date "2011.08.13"]
[Round "11.34"]
[White "Nivedhitha, J G"]
[Black "Mejia Salinas, Lluvia Angelica"]
[Result "1/2-1/2"]
[BlackTitle "WCM"]
[WhiteElo "1743"]
[BlackElo "1889"]
[WhiteFideId "5033675"]
[BlackFideId "5101743"]
[EventDate "2011.08.02"]

1. e4 e5 2. Nf3 Nf6 3. Nxe5 d6 4. Nf3 Nxe4 5. d4 d5 6. Bd3 Be7 7. O-O O-O 8. c4
c6 9. Nc3 Nxc3 10. bxc3 Bg4 11. Re1 Nd7 12. c5 Bf6 13. h3 Bh5 14. Bc2 Re8 15.
Rxe8+ Qxe8 16. Bf4 Nf8 17. Qd3 Bg6 18. Qd2 Bxc2 19. Qxc2 Ne6 20. Re1 Qd7 21. Be5
Ng5 22. Bxf6 Nxf3+ 23. gxf3 gxf6 24. Kh2 Kh8 25. Rg1 Rg8 26. Rxg8+ Kxg8 27. Qd3
Qc7+ 28. Kg2 Kg7 29. c4 dxc4 30. Qxc4 a6 31. d5 1/2-1/2

[Event "29th World Junior Girls"]
[Site "Chennai IND"]
[Date "2011.08.14"]
[Round "12"]
[White "Padmini, Rout"]
[Black "Cori T., Deysi"]
[Result "1/2-1/2"]
[WhiteTitle "WGM"]
[BlackTitle "WGM"]
[WhiteElo "2348"]
[BlackElo "2376"]
[WhiteFideId "5029295"]
[BlackFideId "3801934"]
[EventDate "2011.08.02"]

1. e4 e6 2. d4 d5 3. Nc3 Bb4 4. e5 c5 5. a3 Bxc3+ 6. bxc3 Nc6 7. Qg4 g6 8. Bd2
Qa5 9. Qf4 cxd4 10. cxd4 Qa4 11. c3 b6 12. Nf3 h6 13. h4 Ba6 14. Rh3 Nce7 15.
Bxa6 Qxa6 16. g4 Rc8 17. Ng1 Rh7 18. Ne2 Kd7 19. Qf3 Qc4 20. Qd3 Qxd3 21. Rxd3
f5 22. exf6 Nxf6 23. f3 Ne8 24. O-O-O Nd6 25. Kc2 Nc4 26. Bc1 Rf8 27. Re1 h5 28.
Nf4 hxg4 29. Nxe6 Re8 30. fxg4 Nc8 31. Ng5 Rxh4 32. Rxe8 Kxe8 33. Rh3 Rxg4 34.
Rh7 Rg2+ 35. Kd1 Ne7 36. Ne6 Nb2+ 37. Bxb2 Rxb2 38. Nc7+ Kd8 39. Ne6+ Kd7 40.
Nf4 Kd6 41. Rg7 a5 42. Nxg6 Nf5 43. Rf7 Ne3+ 44. Ke1 Nc2+ 45. Kd1 Nxa3 46. Rf6+
Kc7 47. Nf4 Rb5 48. Rf7+ Kc6 49. Rf6+ Kb7 50. Rf7+ Kc6 51. Rf6+ Kd7 52. Rf7+ Ke8
53. Rf5 Nc4 54. Kc1 a4 55. Nxd5 Rb3 56. Kc2 Rb2+ 57. Kd3 a3 58. Kxc4 a2 59. Nc7+
Ke7 60. Nd5+ Ke8 61. Nc7+ Ke7 62. Nd5+ Ke8 63. Nc7+ 1/2-1/2